000 01244nam a22003134a 4500
001 ebr10080990
003 CaPaEBR
006 m u
007 cr cn|||||||||
008 020611s2003 enk sb 001 0 eng
020 _z0761961941 (pbk.)
020 _z0761961933
040 _aCaPaEBR
_cCaPaEBR
035 _a(OCoLC)70774214
050 1 4 _aBF173
_b.S569 2003eb
100 1 _aSmith, David Livingstone,
_d1953-
245 1 0 _aPsychoanalysis in focus
_h[electronic resource] /
_cDavid Livingstone Smith.
260 _aLondon ;
_aThousand Oaks, Calif. :
_bSAGE Publications,
_c2003.
300 _a157 p.
490 1 _aCounselling & psychotherapy in focus
504 _aIncludes bibliographical references (p. [144]-152) and index.
533 _aElectronic reproduction.
_bPalo Alto, Calif. :
_cebrary,
_d2013.
_nAvailable via World Wide Web.
_nAccess may be limited to ebrary affiliated libraries.
650 0 _aPsychoanalysis.
650 0 _aPsychoanalytic counseling.
655 7 _aElectronic books.
_2local
710 2 _aebrary, Inc.
830 0 _aCounselling & psychotherapy in focus.
856 4 0 _uhttp://site.ebrary.com/lib/rucke/Doc?id=10080990
_zAn electronic book accessible through the World Wide Web; click to view
999 _c55590
_d55590